00541 2200217 4500001002100000005001700021008004100038020001800079035002400097082001000121090001700131100001000148245004500158260003300203300001900236650002000255850001200275980001500287985000600302999001500308YOGYA-0209000005950920090227034638.0 ind  a979-418-C55-6 0010-020900000059509 a808.3 a808.3bHam T aHAMKA aTenggelamnya kapal van der NdijckcHamka aJakartabBulan bintangc1976 a224 hlmc21 cm aFiksi - Sejarah aYOPDYOG a09-08-2008 a1 a95P0063993